|
|
|
|
| LEADER |
00000nam0a2200000 4500 |
| 001 |
300149 |
| 005 |
20231102001255.0 |
| 020 |
|
|
|a RU
|b 82-85640
|
| 035 |
|
|
|a (RuTPU)RU\TPU\book\325302
|
| 090 |
|
|
|a 300149
|
| 100 |
|
|
|a 20150707d1982 km y0rusy5003 ca
|
| 101 |
0 |
|
|a rus
|
| 102 |
|
|
|a RU
|
| 105 |
|
|
|a a z 001zy
|
| 200 |
1 |
|
|a Автоматизация производства технического углерода
|e сборник научных трудов
|f Всесоюзный научно-исследовательский институт технического углерода (ВНИИТУ)
|
| 210 |
|
|
|a Москва
|c [Б. и.]
|d 1982
|
| 215 |
|
|
|a 161 с.
|c ил., граф.
|d 20 см
|
| 320 |
|
|
|a Библиография в конце статей
|
| 606 |
1 |
|
|a Углерод технический
|2 stltpush
|3 (RuTPU)RU\TPU\subj\32347
|9 54924
|
| 610 |
1 |
|
|a сажа
|
| 610 |
0 |
|
|a производство
|
| 610 |
1 |
|
|a автоматизация
|
| 610 |
0 |
|
|a технологические процессы
|
| 610 |
0 |
|
|a управление
|
| 610 |
0 |
|
|a математическое моделирование
|
| 610 |
0 |
|
|a оптимизация
|
| 610 |
0 |
|
|a программное обеспечение
|
| 675 |
|
|
|a 661.666.4
|z rus
|v 4
|
| 712 |
0 |
2 |
|a Всесоюзный научно-исследовательский институт технического углерода (ВНИИТУ)
|c (Омск)
|c (1974-1993)
|2 stltpush
|3 (RuTPU)RU\TPU\col\15483
|
| 801 |
|
0 |
|a RU
|b RuMRKP
|c 19950704
|g psbo
|
| 801 |
|
1 |
|a RU
|b 63413507
|c 20150707
|
| 801 |
|
2 |
|a RU
|b 63413507
|c 20170807
|g RCR
|
| 942 |
|
|
|c BK
|